Périphrases désignant des pays (aléatoire) - Statistiques

Statistiques générales
  • Ce quiz a été pris 23 fois
  • Le résultat moyen est 3 sur 15
Statistiques - réponses
Hint Réponse % Correct
Japon Le pays du soleil levant
92%
Espagne et Portugal La péninsule ibérique
67%
Belgique Le plat pays
60%
Italie La botte
50%
France L'hexagone
50%
Pays-Bas La Hollande
45%
Monaco Le rocher
43%
Iran La perse
29%
Royaume-Uni Grande-Bretagne
25%
Ethiopie Le toit de l'afrique
25%
Luxembourg Le Grand-Duché
22%
Cameroun (par un ministre camerounais) "L'afrique en miniature"
20%
Roumanie Le pays de Dracula
20%
Russie Le pays des tsars
20%
Liban Le pays du cèdres
20%
Vatican Le saint-siège
20%
Népal Le toit du monde
20%
Egypte Terre des Pharaons
20%
Norvège Le pays des fjords
17%
Irlande L'île d'émeraude
17%
Hongrie Le pays des Magyars
14%
République démocratique du Congo Congo-Kinshasa
13%
Haïti La perle des Antilles
13%
Canada Le pays a la feuille d'érable
13%
Albanie Le pays des aigles
13%
Suisse La confédération helvétique
11%
Algérie Le pays des fennecs
11%
Jordanie Le royaume hachémite
10%
Congo Congo-Brazzaville
0%
Afrique du sud La nation arc-en-ciell
0%
Bulgarie La Prusse de balkans
0%
Costa Rica La Suisse de l'Amérique centrale
0%
Afghanistan Le cimetière des empires
0%
Chine L'empire du milieu
0%
Gabon Le pays aux mille ethnies
0%
Burundi Le pays aux mille et une collines
0%
Australie Le pays de kangourous
0%
Yemen Le pays de l'encens
0%
Guatemala Le pays de l'éternel printemps
0%
Irak Le pays des deux fleuves
0%
Rwanda Le pays des mille collines
0%
FInlande Le pays des mille lacs
0%
Mongolie Le Pays du ciel bleu
0%
Nouvelle-Zélande Le pays du long nuage blanc
0%
Corée (entité constituée des deux pays) Le pays du matin calme
0%
Lesotho Le royaume dans les nuages
0%
Inde Le sous-continent
0%
Israël L'état hebreux
0%
Estonie Le tigre de la baltique
0%
Chypre L'ïle d'Aphrodite
0%
Aucun quiz correspondant
Distribution des résultats
% des personnes avec chaque résultat
Percentile par nombre de réponses
Votre historique - résultats
Vous n’avez pas pris ce quiz